Countries that are not Members of the UN - Statistics

General Stats
  • This quiz has been taken 136 times
    104 since last reset
  • The average score is 5 of 10
Answer Stats
Answer % Correct
Kosovo
77%
Palestine
71%
Taiwan
70%
Vatican City
59%
Sahrawi Arab Democratic Republic
39%
Somaliland
33%
South Ossetia
33%
Abkhazia
29%
Transnistria
28%
Nagorno Karabakh Republic
14%
No matching quizzes found
Score Distribution
Percent of People with Each Score
Percentile by Number Answered
Your Score History
You have not taken this quiz since the last reset